[Event "448. Wednesday (05.08.2020)"]
[Site "Official B"]
[Date "2020.08.05"]
[Round "7"]
[White "Inter_slo"]
[Black "Stader Löwe"]
[Result "0-1"]
[WhiteElo "1757"]
[BlackElo "1702"]
[Annotator "NA"]
[PlyCount "84"]
[EventDate "2020.08.05"]
[EventType "swiss (blitz)"]

1. e4 {[%emt 0:00:03]} c6 {[%emt 0:00:02]} 2. d4 {[%emt 0:00:02]} d5 {[%emt 0:00:01]} 3. exd5 {[%emt 0:00:01]} cxd5 {[%emt 0:00:01]} 4. c4 {[%emt 0:00:01]} Nc6 {[%emt 0:00:01]} 5. c5 {[%emt 0:00:02]} Nf6 {[%emt 0:00:04]} 6. a3 {[%emt 0:00:01]} a5 {[%emt 0:00:01]} 7. Bb5 {[%emt 0:00:04]} Bd7 {[%emt 0:00:05]} 8. Nf3 {[%emt 0:00:17]} e6 {[%emt 0:00:02]} 9. O-O {[%emt 0:00:03]} b6 {[%emt 0:00:01]} 10. cxb6 {[%emt 0:00:09]} Qxb6 {[%emt 0:00:02]} 11. Bxc6 {[%emt 0:00:15]} Bxc6 {[%emt 0:00:02]} 12. Nc3 {[%emt 0:00:02]} Be7 {[%emt 0:00:05]} 13. Ne5 {[%emt 0:00:02]} O-O {[%emt 0:00:02]} 14. Bg5 {[%emt 0:00:05]} Rab8 {[%emt 0:00:08]} 15. Rb1 {[%emt 0:00:06]} Be8 {[%emt 0:00:10]} 16. Qd2 {[%emt 0:00:17]} Qb3 {[%emt 0:00:07]} 17. h3 {[%emt 0:00:16]} h6 {[%emt 0:00:02]} 18. Bh4 {[%emt 0:00:07]} Rc8 {[%emt 0:00:07]} 19. Rfc1 {[%emt 0:00:04]} Ba4 {[%emt 0:00:16]} 20. Nxa4 {[%emt 0:00:05]} Qxa4 {[%emt 0:00:02]} 21. Rxc8 {[%emt 0:00:05]} Rxc8 {[%emt 0:00:02]} 22. Rc1 {[%emt 0:00:01]} Qe8 {[%emt 0:00:12]} 23. Rxc8 {[%emt 0:00:09]} Qxc8 {[%emt 0:00:02]} 24. Qxa5 {[%emt 0:00:01]} Bd6 {[%emt 0:00:11]} 25. Qc3 {[%emt 0:00:04]} Qxc3 {[%emt 0:00:04]} 26. bxc3 {[%emt 0:00:02]} Ne4 {[%emt 0:00:00]} 27. c4 {[%emt 0:00:12]} g5 {[%emt 0:00:15]} 28. Bg3 {[%emt 0:00:17]} Nxg3 {[%emt 0:00:02]} 29. fxg3 {[%emt 0:00:01]} Bxa3 {[%emt 0:00:20]} 30. c5 {[%emt 0:00:03]} Kf8 {[%emt 0:00:04]} 31. Kf2 {[%emt 0:00:06]} Ke7 {[%emt 0:00:05]} 32. Ke3 {[%emt 0:00:03]} f6 {[%emt 0:00:02]} 33. Ng4 {[%emt 0:00:02]} h5 {[%emt 0:00:02]} 34. Nf2 {[%emt 0:00:04]} e5 {[%emt 0:00:06]} 35. Nd3 {[%emt 0:00:07]} e4 {[%emt 0:00:08]} 36. Nf2 {[%emt 0:00:08]} f5 {[%emt 0:00:02]} 37. g4 {[%emt 0:00:04]} hxg4 {[%emt 0:00:02]} 38. hxg4 {[%emt 0:00:02]} f4+ {[%emt 0:00:01]} 39. Ke2 {[%emt 0:00:04]} Bb2 {[%emt 0:00:01]} 40. Nh3 {[%emt 0:00:10]} Bxd4 {[%emt 0:00:04]} 41. c6 {[%emt 0:00:05]} Bf6 {[%emt 0:00:04]} 42. Kd2 {[%emt 0:00:07]} Kd6 {[%emt 0:00:01] Inter_slo je predal(a) partijo (Lag: Av=0.46s, max=1.0s)} 0-1

[Event "448. Wednesday (05.08.2020)"]
[Site "Official B"]
[Date "2020.08.05"]
[Round "7"]
[White "Schaumi"]
[Black "Cucufato"]
[Result "1-0"]
[WhiteElo "1737"]
[BlackElo "1851"]
[Annotator "NA"]
[PlyCount "71"]
[EventDate "2020.08.05"]
[EventType "swiss (blitz)"]

1. d4 {[%emt 0:00:02]} Nf6 {[%emt 0:00:02]} 2. c4 {[%emt 0:00:04]} e6 {[%emt 0:00:01]} 3. Nc3 {[%emt 0:00:02]} Bb4 {[%emt 0:00:01]} 4. f3 {[%emt 0:00:01]} d5 {[%emt 0:00:01]} 5. a3 {[%emt 0:00:02]} Bxc3+ {[%emt 0:00:01]} 6. bxc3 {[%emt 0:00:00]} c5 {[%emt 0:00:01]} 7. cxd5 {[%emt 0:00:02]} Nxd5 {[%emt 0:00:01]} 8. dxc5 {[%emt 0:00:01]} Qa5 {[%emt 0:00:01]} 9. Bd2 {[%emt 0:00:04]} Qxc5 {[%emt 0:00:08]} 10. e4 {[%emt 0:00:06]} Ne3 {[%emt 0:00:16]} 11. Qc1 {[%emt 0:00:06]} Nxf1 {[%emt 0:00:08]} 12. Kxf1 {[%emt 0:00:01]} b6 {[%emt 0:00:02]} 13. Be3 {[%emt 0:00:04]} Ba6+ {[%emt 0:00:01]} 14. Kf2 {[%emt 0:00:01]} Qc4 {[%emt 0:00:05]} 15. h4 {[%emt 0:00:28]} Nc6 {[%emt 0:00:06]} 16. Kg3 {[%emt 0:00:05]} Rc8 {[%emt 0:00:12]} 17. Nh3 {[%emt 0:00:03]} Na5 {[%emt 0:00:07]} 18. Qg1 {[%emt 0:00:12]} Qc7+ {[%emt 0:00:13]} 19. Bf4 {[%emt 0:00:17]} e5 {[%emt 0:00:01]} 20. Be3 {[%emt 0:00:05]} Nc4 {[%emt 0:00:05]} 21. Bf2 {[%emt 0:00:05]} O-O {[%emt 0:00:19]} 22. Kh2 {[%emt 0:00:04]} Rcd8 {[%emt 0:00:03]} 23. Qe1 {[%emt 0:00:11]} Rd3 {[%emt 0:00:14]} 24. Bg3 {[%emt 0:00:03]} Rfd8 {[%emt 0:00:05]} 25. Nf2 {[%emt 0:00:03]} Rd2 {[%emt 0:00:04]} 26. Ng4 {[%emt 0:00:03]} f6 {[%emt 0:00:02]} 27. h5 {[%emt 0:00:13]} h6 {[%emt 0:00:04]} 28. Ne3 {[%emt 0:00:34]} Nxe3 {[%emt 0:00:08]} 29. Qxe3 {[%emt 0:00:02]} Re2 {[%emt 0:00:01]} 30. Qc1 {[%emt 0:00:05]} Rdd2 {[%emt 0:00:02]} 31. Qf1 {[%emt 0:00:19]} Qxc3 {[%emt 0:00:16]} 32. Rc1 {[%emt 0:00:06]} Qb2 {[%emt 0:00:06]} 33. Rg1 {[%emt 0:00:05]} Qxa3 {[%emt 0:00:40]} 34. Rc7 {[%emt 0:00:12]} Rxe4 {[%emt 0:00:11]} 35. Qc1 {[%emt 0:00:16]} Ree2 {[%emt 0:00:08]} 36. Qxa3 {[%emt 0:00:04] Cucufato rinde (Lag: Av=0.21s, max=0.6s)} 1-0

[Event "448. Wednesday (05.08.2020)"]
[Site "Official B"]
[Date "2020.08.05"]
[Round "7"]
[White "Reingames"]
[Black "Rainer Günnel"]
[Result "1-0"]
[WhiteElo "1678"]
[BlackElo "1353"]
[Annotator "NA"]
[PlyCount "45"]
[EventDate "2020.08.05"]
[EventType "swiss (blitz)"]

1. e4 {[%emt 0:00:02]} c5 {[%emt 0:00:05]} 2. c4 {[%emt 0:00:02]} g6 {[%emt 0:00:02]} 3. Nc3 {[%emt 0:00:01]} d6 {[%emt 0:00:01]} 4. g3 {[%emt 0:00:00]} Bg7 {[%emt 0:00:03]} 5. Bg2 {[%emt 0:00:01]} Nc6 {[%emt 0:00:02]} 6. Nge2 {[%emt 0:00:02]} Bg4 {[%emt 0:00:05]} 7. h3 {[%emt 0:00:03]} Bxe2 {[%emt 0:00:03]} 8. Nxe2 {[%emt 0:00:02]} Nd4 {[%emt 0:00:10]} 9. d3 {[%emt 0:00:02]} Nf6 {[%emt 0:00:10]} 10. Nxd4 {[%emt 0:00:03]} cxd4 {[%emt 0:00:01]} 11. O-O {[%emt 0:00:02]} O-O {[%emt 0:00:02]} 12. b4 {[%emt 0:00:01]} e5 {[%emt 0:00:05]} 13. f4 {[%emt 0:00:03]} Nh5 {[%emt 0:00:11]} 14. g4 {[%emt 0:00:09]} Nxf4 {[%emt 0:00:03]} 15. Bxf4 {[%emt 0:00:02]} exf4 {[%emt 0:00:01]} 16. Rxf4 {[%emt 0:00:02]} Be5 {[%emt 0:00:03]} 17. Rf1 {[%emt 0:00:03]} Qh4 {[%emt 0:00:01]} 18. Qf3 {[%emt 0:00:05]} a6 {[%emt 0:00:24]} 19. a4 {[%emt 0:00:03]} Rac8 {[%emt 0:00:03]} 20. Rac1 {[%emt 0:00:05]} Qg3 {[%emt 0:00:03]} 21. b5 {[%emt 0:00:26]} Qh2+ {[%emt 0:00:08]} 22. Kf2 {[%emt 0:00:02]} Bg3+ {[%emt 0:00:01]} 23. Qxg3 {[%emt 0:00:04] Rainer Günnel gibt auf (Lag: Av=0.28s, max=0.4s)} 1-0

[Event "448. Wednesday (05.08.2020)"]
[Site "Official B"]
[Date "2020.08.05"]
[Round "7"]
[White "Sadbat1122"]
[Black "Sonek"]
[Result "0-1"]
[WhiteElo "1609"]
[BlackElo "1810"]
[Annotator "NA"]
[PlyCount "82"]
[EventDate "2020.08.05"]
[EventType "swiss (blitz)"]

1. e4 {[%emt 0:00:02]} e6 {[%emt 0:00:03]} 2. Nc3 {[%emt 0:00:03]} d5 {[%emt 0:00:00]} 3. d4 {[%emt 0:00:02]} Bb4 {[%emt 0:00:03]} 4. exd5 {[%emt 0:00:02]} exd5 {[%emt 0:00:01]} 5. Bd2 {[%emt 0:00:04]} Nf6 {[%emt 0:00:05]} 6. Bd3 {[%emt 0:00:05]} O-O {[%emt 0:00:06]} 7. Nge2 {[%emt 0:00:03]} Re8 {[%emt 0:00:04]} 8. O-O {[%emt 0:00:02]} Bg4 {[%emt 0:00:04]} 9. h3 {[%emt 0:00:05]} Bh5 {[%emt 0:00:01]} 10. Qc1 {[%emt 0:00:07]} Nbd7 {[%emt 0:00:28]} 11. Ng3 {[%emt 0:00:03]} Bg6 {[%emt 0:00:02]} 12. Bxg6 {[%emt 0:00:03]} hxg6 {[%emt 0:00:00]} 13. a3 {[%emt 0:00:10]} Bd6 {[%emt 0:00:04]} 14. Bf4 {[%emt 0:00:02]} Ne4 {[%emt 0:00:17]} 15. Bxd6 {[%emt 0:00:02]} Nxc3 {[%emt 0:00:09]} 16. Bxc7 {[%emt 0:00:19]} Qxc7 {[%emt 0:00:02]} 17. bxc3 {[%emt 0:00:02]} Qxc3 {[%emt 0:00:02]} 18. Rb1 {[%emt 0:00:13]} b6 {[%emt 0:00:13]} 19. Qf4 {[%emt 0:00:09]} Nf6 {[%emt 0:00:14]} 20. Rfc1 {[%emt 0:00:35]} Rac8 {[%emt 0:00:04]} 21. Rb3 {[%emt 0:00:06]} Qc7 {[%emt 0:00:25]} 22. Qg5 {[%emt 0:00:11]} Qe7 {[%emt 0:00:19]} 23. Re3 {[%emt 0:00:04]} Qd6 {[%emt 0:00:04]} 24. h4 {[%emt 0:00:10]} Rxe3 {[%emt 0:00:02]} 25. Qxe3 {[%emt 0:00:06]} Re8 {[%emt 0:00:02]} 26. Qd3 {[%emt 0:00:05]} Qe6 {[%emt 0:00:10]} 27. c4 {[%emt 0:00:05]} Qg4 {[%emt 0:00:05]} 28. c5 {[%emt 0:00:05]} Rc8 {[%emt 0:00:09]} 29. c6 {[%emt 0:00:04]} Qxh4 {[%emt 0:00:07]} 30. Qf3 {[%emt 0:00:21]} Ng4 {[%emt 0:00:07]} 31. Qxd5 {[%emt 0:00:16]} Nxf2 {[%emt 0:00:11]} 32. Qf3 {[%emt 0:00:19]} Qg5 {[%emt 0:00:16]} 33. Rf1 {[%emt 0:00:11]} Ng4 {[%emt 0:00:18]} 34. Qxf7+ {[%emt 0:00:16]} Kh7 {[%emt 0:00:00]} 35. Qf4 {[%emt 0:00:07]} Qh4 {[%emt 0:00:05]} 36. Rc1 {[%emt 0:00:16]} Qh2+ {[%emt 0:00:05]} 37. Kf1 {[%emt 0:00:02]} Qh4 {[%emt 0:00:04]} 38. Kg1 {[%emt 0:00:01]} Nf6 {[%emt 0:00:04]} 39. Qxh4+ {[%emt 0:00:02]} Kg8 {[%emt 0:00:01]} 40. Qxf6 {[%emt 0:00:01]} gxf6 {[%emt 0:00:01]} 41. d5 {[%emt 0:00:01]} Kf7 {[%emt 0:00:01] Time (Lag: Av=0.78s, max=1.1s)} 0-1

[Event "448. Wednesday (05.08.2020)"]
[Site "Official B"]
[Date "2020.08.05"]
[Round "7"]
[White "SyWolf777"]
[Black "Action26"]
[Result "1-0"]
[WhiteElo "1607"]
[BlackElo "1875"]
[Annotator "NA"]
[PlyCount "65"]
[EventDate "2020.08.05"]
[EventType "swiss (blitz)"]

1. e4 {[%emt 0:00:02]} c5 {[%emt 0:00:02]} 2. Nc3 {[%emt 0:00:01]} e6 {[%emt 0:00:02]} 3. Nf3 {[%emt 0:00:01]} a6 {[%emt 0:00:02]} 4. d4 {[%emt 0:00:02]} cxd4 {[%emt 0:00:02]} 5. Nxd4 {[%emt 0:00:01]} d6 {[%emt 0:00:03]} 6. Be3 {[%emt 0:00:04]} Nf6 {[%emt 0:00:02]} 7. Be2 {[%emt 0:00:01]} b5 {[%emt 0:00:03]} 8. a3 {[%emt 0:00:01]} Bb7 {[%emt 0:00:02]} 9. f3 {[%emt 0:00:03]} Nbd7 {[%emt 0:00:02]} 10. O-O {[%emt 0:00:02]} Be7 {[%emt 0:00:01]} 11. Kh1 {[%emt 0:00:01]} O-O {[%emt 0:00:03]} 12. Qe1 {[%emt 0:00:02]} Rc8 {[%emt 0:00:03]} 13. Rd1 {[%emt 0:00:02]} Ne5 {[%emt 0:00:05]} 14. Bd3 {[%emt 0:00:26]} Nc4 {[%emt 0:00:03]} 15. Bc1 {[%emt 0:00:03]} Qb6 {[%emt 0:00:06]} 16. Nde2 {[%emt 0:00:22]} Rfd8 {[%emt 0:00:13]} 17. Ng3 {[%emt 0:00:03]} d5 {[%emt 0:00:06]} 18. e5 {[%emt 0:00:03]} Nd7 {[%emt 0:00:05]} 19. f4 {[%emt 0:00:02]} Nxa3 {[%emt 0:00:14]} 20. bxa3 {[%emt 0:00:15]} b4 {[%emt 0:00:04]} 21. Nb1 {[%emt 0:00:06]} a5 {[%emt 0:00:03]} 22. axb4 {[%emt 0:00:05]} axb4 {[%emt 0:00:00]} 23. f5 {[%emt 0:00:11]} Ba6 {[%emt 0:00:18]} 24. f6 {[%emt 0:00:14]} gxf6 {[%emt 0:00:08]} 25. exf6 {[%emt 0:00:14]} Nxf6 {[%emt 0:00:04]} 26. Be3 {[%emt 0:00:11]} Qb7 {[%emt 0:00:04]} 27. Bg5 {[%emt 0:00:09]} Bxd3 {[%emt 0:00:09]} 28. Rxd3 {[%emt 0:00:02]} Ne8 {[%emt 0:00:09]} 29. Bxe7 {[%emt 0:00:10]} Qxe7 {[%emt 0:00:02]} 30. Nh5 {[%emt 0:00:05]} Rxc2 {[%emt 0:00:13]} 31. Qg3+ {[%emt 0:00:07]} Kf8 {[%emt 0:00:04]} 32. Qf4 {[%emt 0:00:25]} Qd6 {[%emt 0:00:27]} 33. Qxf7# {[%emt 0:00:04] (Lag: Av=0.70s, max=1.1s)} 1-0

[Event "448. Wednesday (05.08.2020)"]
[Site "Official B"]
[Date "2020.08.05"]
[Round "7"]
[White "Flaviao"]
[Black "Königsinder"]
[Result "0-1"]
[WhiteElo "1606"]
[BlackElo "1693"]
[Annotator "NA"]
[PlyCount "42"]
[EventDate "2020.08.05"]
[EventType "swiss (blitz)"]
[BlackTeam "SF Barsinghausen"]

{- Serreck, Uwe (1889)} 1. c4 {[%emt 0:00:02]} g6 {[%emt 0:00:02]} 2. Nc3 {[%emt 0:00:01]} Bg7 {[%emt 0:00:00]} 3. e3 {[%emt 0:00:01]} d6 {[%emt 0:00:01]} 4. Be2 {[%emt 0:00:01]} Nf6 {[%emt 0:00:01]} 5. Nf3 {[%emt 0:00:03]} O-O {[%emt 0:00:01]} 6. O-O {[%emt 0:00:02]} Nbd7 {[%emt 0:00:01]} 7. Rb1 {[%emt 0:00:01]} b6 {[%emt 0:00:08]} 8. d4 {[%emt 0:00:02]} Bb7 {[%emt 0:00:02]} 9. Bd3 {[%emt 0:00:05]} e5 {[%emt 0:00:05]} 10. d5 {[%emt 0:00:05]} a5 {[%emt 0:00:03]} 11. Ne4 {[%emt 0:00:08]} Nxe4 {[%emt 0:00:02]} 12. Bxe4 {[%emt 0:00:01]} f5 {[%emt 0:00:04]} 13. Bc2 {[%emt 0:00:03]} Nc5 {[%emt 0:00:12]} 14. Ne1 {[%emt 0:00:12]} e4 {[%emt 0:00:07]} 15. f3 {[%emt 0:00:02]} Qe7 {[%emt 0:00:11]} 16. fxe4 {[%emt 0:00:04]} fxe4 {[%emt 0:00:03]} 17. a3 {[%emt 0:00:11]} Rxf1+ {[%emt 0:00:08]} 18. Kxf1 {[%emt 0:00:02]} Rf8+ {[%emt 0:00:02]} 19. Kg1 {[%emt 0:00:01]} Qh4 {[%emt 0:00:29]} 20. b4 {[%emt 0:00:03]} Qf2+ {[%emt 0:00:04]} 21. Kh1 {[%emt 0:00:05]} Qf1# {[%emt 0:00:02] (Lag: Av=0.63s, max=1.0s)} 0-1

[Event "448. Wednesday (05.08.2020)"]
[Site "Official B"]
[Date "2020.08.05"]
[Round "7"]
[White "Ciberrocker"]
[Black "Ppngh"]
[Result "1-0"]
[WhiteElo "1595"]
[BlackElo "1760"]
[Annotator "NA"]
[PlyCount "91"]
[EventDate "2020.08.05"]
[EventType "swiss (blitz)"]

1. e4 {[%emt 0:00:04]} c6 {[%emt 0:00:02]} 2. Nc3 {[%emt 0:00:01]} d5 {[%emt 0:00:01]} 3. exd5 {[%emt 0:00:01]} cxd5 {[%emt 0:00:01]} 4. d4 {[%emt 0:00:01]} Nc6 {[%emt 0:00:02]} 5. Bf4 {[%emt 0:00:00]} Nf6 {[%emt 0:00:01]} 6. Bb5 {[%emt 0:00:03]} a6 {[%emt 0:00:09]} 7. Bxc6+ {[%emt 0:00:01]} bxc6 {[%emt 0:00:02]} 8. Nf3 {[%emt 0:00:01]} e6 {[%emt 0:00:02]} 9. Ne5 {[%emt 0:00:03]} Bd7 {[%emt 0:00:05]} 10. O-O {[%emt 0:00:03]} Be7 {[%emt 0:00:06]} 11. Qf3 {[%emt 0:00:06]} O-O {[%emt 0:00:03]} 12. Qg3 {[%emt 0:00:03]} Nh5 {[%emt 0:00:06]} 13. Qf3 {[%emt 0:00:02]} Nxf4 {[%emt 0:00:03]} 14. Qxf4 {[%emt 0:00:01]} Be8 {[%emt 0:00:05]} 15. Qg3 {[%emt 0:00:03]} f6 {[%emt 0:00:02]} 16. Nf3 {[%emt 0:00:04]} c5 {[%emt 0:00:10]} 17. dxc5 {[%emt 0:00:03]} Bxc5 {[%emt 0:00:02]} 18. Rfe1 {[%emt 0:00:01]} e5 {[%emt 0:00:06]} 19. Rad1 {[%emt 0:00:03]} Bf7 {[%emt 0:00:08]} 20. Nh4 {[%emt 0:00:05]} g6 {[%emt 0:00:41]} 21. Qd3 {[%emt 0:00:11]} Bd4 {[%emt 0:00:11]} 22. Nf3 {[%emt 0:00:09]} Bxc3 {[%emt 0:00:06]} 23. Qxc3 {[%emt 0:00:03]} d4 {[%emt 0:00:09]} 24. Qa3 {[%emt 0:00:03]} Qc7 {[%emt 0:00:07]} 25. c3 {[%emt 0:00:05]} dxc3 {[%emt 0:00:05]} 26. bxc3 {[%emt 0:00:01]} Rfc8 {[%emt 0:00:05]} 27. Rd3 {[%emt 0:00:02]} Qc5 {[%emt 0:00:17]} 28. Qb2 {[%emt 0:00:07]} Rab8 {[%emt 0:00:05]} 29. Qc2 {[%emt 0:00:01]} Qc4 {[%emt 0:00:13]} 30. Red1 {[%emt 0:00:03]} Qxa2 {[%emt 0:00:10]} 31. Qxa2 {[%emt 0:00:19]} Bxa2 {[%emt 0:00:03]} 32. h3 {[%emt 0:00:00]} Bc4 {[%emt 0:00:07]} 33. Rd7 {[%emt 0:00:03]} Be2 {[%emt 0:00:14]} 34. R1d2 {[%emt 0:00:03]} Bxf3 {[%emt 0:00:02]} 35. gxf3 {[%emt 0:00:00]} Rxc3 {[%emt 0:00:02]} 36. Ra7 {[%emt 0:00:02]} Rxf3 {[%emt 0:00:22]} 37. Rdd7 {[%emt 0:00:03]} Rxh3 {[%emt 0:00:09]} 38. Kg2 {[%emt 0:00:01]} Rh5 {[%emt 0:00:03]} 39. Rg7+ {[%emt 0:00:02]} Kh8 {[%emt 0:00:02]} 40. Rgf7 {[%emt 0:00:01]} f5 {[%emt 0:00:02]} 41. Rxa6 {[%emt 0:00:03]} e4 {[%emt 0:00:05]} 42. Re7 {[%emt 0:00:04]} Rg8 {[%emt 0:00:05]} 43. Raa7 {[%emt 0:00:13]} Rh4 {[%emt 0:00:10]} 44. Kg3 {[%emt 0:00:03]} g5 {[%emt 0:00:03]} 45. Rf7 {[%emt 0:00:04]} f4+ {[%emt 0:00:02]} 46. Kg2 {[%emt 0:00:02] Time (Lag: Av=0.59s, max=1.5s)} 1-0

[Event "448. Wednesday (05.08.2020)"]
[Site "Official B"]
[Date "2020.08.05"]
[Round "7"]
[White "Handgottes"]
[Black "AmberKnight"]
[Result "0-1"]
[WhiteElo "1590"]
[BlackElo "1674"]
[Annotator "NA"]
[PlyCount "76"]
[EventDate "2020.08.05"]
[EventType "swiss (blitz)"]

{- Burke, Steve} 1. e4 {[%emt 0:00:03]} c6 {[%emt 0:00:01]} 2. d4 {[%emt 0:00:03]} d5 {[%emt 0:00:00]} 3. exd5 {[%emt 0:00:04]} cxd5 {[%emt 0:00:00]} 4. Nf3 {[%emt 0:00:05]} Nc6 {[%emt 0:00:02]} 5. c3 {[%emt 0:00:06]} g6 {[%emt 0:00:05]} 6. Bb5 {[%emt 0:00:04]} Bg7 {[%emt 0:00:07]} 7. Bf4 {[%emt 0:00:03]} Nf6 {[%emt 0:00:17]} 8. Ne5 {[%emt 0:00:06]} Bd7 {[%emt 0:00:16]} 9. Nxd7 {[%emt 0:00:11]} Qxd7 {[%emt 0:00:01]} 10. O-O {[%emt 0:00:04]} O-O {[%emt 0:00:02]} 11. Nd2 {[%emt 0:00:02]} Qf5 {[%emt 0:00:11]} 12. Bg3 {[%emt 0:00:08]} Nh5 {[%emt 0:00:01]} 13. Nf3 {[%emt 0:00:09]} Nxg3 {[%emt 0:00:05]} 14. fxg3 {[%emt 0:00:04]} Qh5 {[%emt 0:00:13]} 15. Bxc6 {[%emt 0:00:13]} bxc6 {[%emt 0:00:01]} 16. Qa4 {[%emt 0:00:02]} Rfc8 {[%emt 0:00:05]} 17. Rfe1 {[%emt 0:00:03]} e6 {[%emt 0:00:01]} 18. Ne5 {[%emt 0:00:15]} Bxe5 {[%emt 0:00:03]} 19. Rxe5 {[%emt 0:00:03]} Qh6 {[%emt 0:00:02]} 20. Rae1 {[%emt 0:00:03]} Qf8 {[%emt 0:00:11]} 21. Qc2 {[%emt 0:00:07]} c5 {[%emt 0:00:04]} 22. Qd2 {[%emt 0:00:11]} cxd4 {[%emt 0:00:01]} 23. Qxd4 {[%emt 0:00:04]} Rc4 {[%emt 0:00:04]} 24. Qf2 {[%emt 0:00:06]} Qc5 {[%emt 0:00:13]} 25. Qxc5 {[%emt 0:00:15]} Rxc5 {[%emt 0:00:00]} 26. Kf2 {[%emt 0:00:05]} Rb8 {[%emt 0:00:05]} 27. R1e2 {[%emt 0:00:03]} a5 {[%emt 0:00:06]} 28. Rd2 {[%emt 0:00:09]} Rcb5 {[%emt 0:00:09]} 29. Ree2 {[%emt 0:00:03]} a4 {[%emt 0:00:07]} 30. Ke3 {[%emt 0:00:05]} Kg7 {[%emt 0:00:17]} 31. g4 {[%emt 0:00:19]} h6 {[%emt 0:00:07]} 32. h4 {[%emt 0:00:04]} Kf6 {[%emt 0:00:02]} 33. Rf2+ {[%emt 0:00:06]} Ke7 {[%emt 0:00:06]} 34. Kd4 {[%emt 0:00:03]} Rc8 {[%emt 0:00:16]} 35. Rfe2 {[%emt 0:00:01]} Rc4+ {[%emt 0:00:04]} 36. Ke3 {[%emt 0:00:06]} Rxg4 {[%emt 0:00:04]} 37. g3 {[%emt 0:00:02]} Rxg3+ {[%emt 0:00:02]} 38. Kf2 {[%emt 0:00:03]} Rg4 {[%emt 0:00:02] Handgottes gibt auf (Lag: Av=1.50s, max=2.1s)} 0-1

[Event "448. Wednesday (05.08.2020)"]
[Site "Official B"]
[Date "2020.08.05"]
[Round "7"]
[White "KDK"]
[Black "W0rthl33s"]
[Result "1-0"]
[WhiteElo "1561"]
[BlackElo "1517"]
[Annotator "NA"]
[PlyCount "71"]
[EventDate "2020.08.05"]
[EventType "swiss (blitz)"]

1. e4 {[%emt 0:00:01]} d6 {[%emt 0:00:01]} 2. d4 {[%emt 0:00:01]} Nf6 {[%emt 0:00:01]} 3. Nc3 {[%emt 0:00:02]} Nbd7 {[%emt 0:00:02]} 4. Bg5 {[%emt 0:00:03]} c6 {[%emt 0:00:02]} 5. Nf3 {[%emt 0:00:03]} Qc7 {[%emt 0:00:01]} 6. Bd3 {[%emt 0:00:01]} e5 {[%emt 0:00:04]} 7. O-O {[%emt 0:00:08]} Be7 {[%emt 0:00:02]} 8. Qd2 {[%emt 0:00:02]} Nf8 {[%emt 0:00:03]} 9. h3 {[%emt 0:00:02]} Ne6 {[%emt 0:00:02]} 10. Be3 {[%emt 0:00:04]} Nf8 {[%emt 0:00:06]} 11. dxe5 {[%emt 0:00:03]} dxe5 {[%emt 0:00:02]} 12. Bg5 {[%emt 0:00:06]} Ng6 {[%emt 0:00:09]} 13. Nh2 {[%emt 0:00:12]} Nh5 {[%emt 0:00:05]} 14. Bxe7 {[%emt 0:00:05]} Qxe7 {[%emt 0:00:00]} 15. Ne2 {[%emt 0:00:09]} O-O {[%emt 0:00:09]} 16. Rae1 {[%emt 0:00:19]} Be6 {[%emt 0:00:02]} 17. Kh1 {[%emt 0:00:04]} Nhf4 {[%emt 0:00:08]} 18. Nxf4 {[%emt 0:00:13]} Nxf4 {[%emt 0:00:00]} 19. Qe3 {[%emt 0:00:03]} b6 {[%emt 0:00:03]} 20. Be2 {[%emt 0:00:09]} h6 {[%emt 0:00:32]} 21. Bg4 {[%emt 0:00:05]} Rad8 {[%emt 0:00:08]} 22. Bxe6 {[%emt 0:00:03]} Nxe6 {[%emt 0:00:04]} 23. g3 {[%emt 0:00:06]} Qc5 {[%emt 0:00:13]} 24. c3 {[%emt 0:00:05]} Rd7 {[%emt 0:00:06]} 25. f4 {[%emt 0:00:05]} Qxe3 {[%emt 0:00:05]} 26. Rxe3 {[%emt 0:00:03]} exf4 {[%emt 0:00:01]} 27. gxf4 {[%emt 0:00:02]} Rfd8 {[%emt 0:00:02]} 28. f5 {[%emt 0:00:07]} Nc5 {[%emt 0:00:14]} 29. Nf3 {[%emt 0:00:05]} Rd1 {[%emt 0:00:11]} 30. Kg2 {[%emt 0:00:07]} Rxf1 {[%emt 0:00:10]} 31. Kxf1 {[%emt 0:00:02]} Rd1+ {[%emt 0:00:01]} 32. Ke2 {[%emt 0:00:07]} Rg1 {[%emt 0:00:11]} 33. Kf2 {[%emt 0:00:08]} Rd1 {[%emt 0:00:05]} 34. Kg3 {[%emt 0:00:03]} Nd3 {[%emt 0:00:09]} 35. b3 {[%emt 0:00:11]} Rf1 {[%emt 0:00:11]} 36. Rxd3 {[%emt 0:00:18] W0rthl33s gibt auf (Lag: Av=1.06s, max=1.7s)} 1-0

[Event "448. Wednesday (05.08.2020)"]
[Site "Official B"]
[Date "2020.08.05"]
[Round "7"]
[White "Dagobert52"]
[Black "W Nelles"]
[Result "0-1"]
[WhiteElo "1555"]
[BlackElo "1346"]
[Annotator "NA"]
[PlyCount "64"]
[EventDate "2020.08.05"]
[EventType "swiss (blitz)"]

1. e4 {[%emt 0:00:02]} e5 {[%emt 0:00:11]} 2. Nf3 {[%emt 0:00:02]} Nc6 {[%emt 0:00:02]} 3. Bc4 {[%emt 0:00:02]} d6 {[%emt 0:00:10]} 4. O-O {[%emt 0:00:04]} Bg4 {[%emt 0:00:02]} 5. c3 {[%emt 0:00:03]} Nf6 {[%emt 0:00:06]} 6. d3 {[%emt 0:00:01]} Be7 {[%emt 0:00:06]} 7. Re1 {[%emt 0:00:02]} O-O {[%emt 0:00:04]} 8. Nbd2 {[%emt 0:00:01]} Na5 {[%emt 0:00:11]} 9. Bb3 {[%emt 0:00:02]} Nxb3 {[%emt 0:00:03]} 10. axb3 {[%emt 0:00:01]} c5 {[%emt 0:00:02]} 11. Nf1 {[%emt 0:00:03]} b5 {[%emt 0:00:02]} 12. h3 {[%emt 0:00:05]} Bh5 {[%emt 0:00:04]} 13. Ng3 {[%emt 0:00:08]} Bg6 {[%emt 0:00:02]} 14. Nh4 {[%emt 0:00:09]} Nh5 {[%emt 0:00:08]} 15. Nxg6 {[%emt 0:00:15]} fxg6 {[%emt 0:00:04]} 16. Nxh5 {[%emt 0:00:03]} gxh5 {[%emt 0:00:01]} 17. Qxh5 {[%emt 0:00:06]} Bf6 {[%emt 0:00:03]} 18. f4 {[%emt 0:00:05]} c4 {[%emt 0:00:05]} 19. bxc4 {[%emt 0:00:04]} bxc4 {[%emt 0:00:02]} 20. dxc4 {[%emt 0:00:11]} Qe8 {[%emt 0:00:05]} 21. f5 {[%emt 0:00:04]} Qxh5 {[%emt 0:00:02]} 22. Be3 {[%emt 0:00:07]} Bh4 {[%emt 0:00:03]} 23. Rf1 {[%emt 0:00:03]} Qe2 {[%emt 0:00:05]} 24. Rf3 {[%emt 0:00:07]} Qxb2 {[%emt 0:00:05]} 25. Raf1 {[%emt 0:00:03]} Qxc3 {[%emt 0:00:04]} 26. Bg5 {[%emt 0:00:03]} Qd4+ {[%emt 0:00:01]} 27. Be3 {[%emt 0:00:04]} Qxc4 {[%emt 0:00:03]} 28. g3 {[%emt 0:00:04]} Bf6 {[%emt 0:00:03]} 29. g4 {[%emt 0:00:01]} Rab8 {[%emt 0:00:06]} 30. g5 {[%emt 0:00:01]} Bd8 {[%emt 0:00:03]} 31. f6 {[%emt 0:00:03]} Bb6 {[%emt 0:00:04]} 32. Kg2 {[%emt 0:00:03]} Bxe3 {[%emt 0:00:03] Dagobert52 gibt auf (Lag: Av=0.94s, max=1.5s)} 0-1